[Event "Barcelona Sant Marti op 21st"]
[Site "Barcelona"]
[Date "2019.07.16"]
[Round "4"]
[White "Tateo, Ida"]
[Black "Centelles Vivas, Aleix"]
[Result "0-1"]
[WhiteElo "1202"]
[BlackElo "1983"]
[PlyCount "98"]
[EventDate "2019.07.13"]
[EventType "swiss"]
[EventRounds "9"]
[EventCountry "ESP"]
[SourceTitle "EXT 2020"]
[Source "ChessBase"]
[SourceDate "2019.10.17"]
[SourceVersion "1"]
[SourceVersionDate "2019.10.17"]
[SourceQuality "1"]

1. e4 c5 2. Nf3 e6 3. d4 cxd4 4. Nxd4 a6 5. c4 Nf6 6. Nc3 Qc7 7. a3 Nxe4 8. Nxe4 Qe5 9. f3 f5 10. Qd3 fxe4 11. Qxe4 Qxe4+ 12. fxe4 Bd6 13. Be3 0-0 14. Bd3 Be5 15. 0-0-0 Nc6 16. Nf3 Bf4 17. Bxf4 Rxf4 18. Rhe1 Rb8 19. e5 Na5 20. Ng5 g6 21. Re4 Rf5 22. Nf3 Nb3+ 23. Kb1 Nc5 24. Rd4 Nxd3 25. R1xd3 b5 26. c5 Bb7 27. Kc1 Bxf3 28. Rxf3 Rxe5 29. Rxd7 Rxc5+ 30. Kb1 Rf5 31. Rc3 Rf7 32. Rcc7 Rbf8 33. h4 e5 34. g3 e4 35. Kc1 Rxd7 36. Rxd7 Rf7 37. Rxf7 Kxf7 38. Kd2 Ke6 39. Ke2 Kd5 40. Ke3 Ke5 41. g4 h5 42. g5 a5 43. b3 b4 44. a4 Kd5 45. Kd2 Kd4 46. Ke2 e3 47. Ke1 Kc3 48. Ke2 Kxb3 49. Kxe3 Kc2 0-1

[Event "Barcelona Sant Marti op 21st"]
[Site "Barcelona"]
[Date "2019.07.15"]
[Round "3"]
[White "Asensio Linan, Teodoro"]
[Black "Tateo, Ida"]
[Result "1-0"]
[WhiteElo "2123"]
[BlackElo "1202"]
[PlyCount "55"]
[EventDate "2019.07.13"]
[EventType "swiss"]
[EventRounds "9"]
[EventCountry "ESP"]
[SourceTitle "EXT 2020"]
[Source "ChessBase"]
[SourceDate "2019.10.17"]
[SourceVersion "1"]
[SourceVersionDate "2019.10.17"]
[SourceQuality "1"]

1. d4 Nf6 2. c4 g6 3. Nc3 Bg7 4. e4 d6 5. Nge2 0-0 6. h3 e5 7. d5 a5 8. Ng3 Nbd7 9. Be2 Nc5 10. b3 Bd7 11. Bg5 h6 12. Be3 c6 13. Qd2 Kh7 14. 0-0 Rb8 15. Rac1 b5 16. dxc6 Bxc6 17. cxb5 Bxe4 18. Bxc5 Bxg2 19. Qxd6 Bxf1 20. Bxf1 Qe8 21. Qc6 Rg8 22. Nce4 Nd7 23. Nd6 Qe6 24. Bc4 Qxh3 25. Bxf7 Rgf8 26. Bxg6+ Kh8 27. Bf5 Rxf5 28. Qxd7 1-0